00246nam a2200109Ia 4500008004100000041001200041082001100053100002000064245004000084260000600124650000600130221030s9999 xx 000 0 und d aEnglish a105.23 aS. M. A. Kazimi 0aSolid Mechanicscby S. M. A. Kazimi c0 aB